Top 50 des films qui ont le plus rapportés au Box-Office - Statistiques

Statistiques générales
  • Ce quiz a été pris 115 fois
  • Le résultat moyen est 8 sur 50
Statistiques - réponses
Nationalité Sortie Film % Correct
Américain 🇺🇸 2009 Avatar
87%
Américain 🇺🇸 1997 Titanic
86%
Américain 🇺🇸 2012 Avengers
75%
Américain 🇺🇸 2019 Avengers : Endgame
55%
Américain 🇺🇸 2018 Avengers : Infinity War
40%
Américain 🇺🇸 2022 Avatar : La voie de l'eau
35%
Américain 🇺🇸 / Anglais 🇬🇧 2023 Barbie
29%
Américain 🇺🇸 2019 Joker
28%
Américain 🇺🇸 2015 Avengers : L'ère d'Ultron
25%
Américain 🇺🇸 1993 Jurassic Park
25%
Américain 🇺🇸 2021 Spider Man : No Way Home
25%
Américain 🇺🇸 2016 Captain America : Civil War
23%
Américain 🇺🇸 2019 Le Roi Lion
23%
Américain 🇺🇸 2013 Iron Man 3
21%
Américain 🇺🇸 2013 La Reine des Neiges
20%
Américain 🇺🇸 2015 Fast and Furious 7
16%
Américain 🇺🇸 2010 Toy Story 3
16%
Américain 🇺🇸 2018 Black Panther
15%
Américain 🇺🇸 2015 Jurassic World
15%
Américain 🇺🇸 2019 Spider Man : Far From Home
13%
Américain 🇺🇸 2024 Vice Versa 2
13%
Américain 🇺🇸 2017 Fast and Furious 8
12%
Américain 🇺🇸 / Nouvelle Zélande 🇳🇿 2003 Le Seigneur des Anneaux : le Retour du roi
12%
Américain 🇺🇸 2022 Top Gun : Maverick
12%
Américain 🇺🇸 2019 Toy Story 4
11%
Américain 🇺🇸 2019 La reine des neiges 2
9%
Américain 🇺🇸 2015 Star Wars, épisode VII : Le Réveil de la Force
8%
Américain 🇺🇸 : Japonais 🇯🇵 2023 Super Mario Bros : le film
7%
Américain 🇺🇸 2016 Zootopie
7%
Américain 🇺🇸 2019 Captain Marvel
5%
Américain 🇺🇸 / Anglais 🇬🇧 2012 Skyfall
5%
Américain 🇺🇸 2018 Aquaman
4%
Américain 🇺🇸 2017 La Belle et la Bête
4%
Américain 🇺🇸 / Français 🇫🇷 2015 Les Minions
4%
Américain 🇺🇸 2017 Moi moche et mechant 3
4%
Américain 🇺🇸 1999 Star Wars, épisode I : La Menace fantôme
4%
Américain 🇺🇸 2019 Star Wars, épisode IX : L'Ascension de Skywalker
4%
Américain 🇺🇸 2019 Aladdin
3%
Américain 🇺🇸 2014 Deadpool & Wolverine
3%
Américain 🇺🇸 / Anglais 🇬🇧 2011 Harry Potter et les reliques de la mort : Partie 2
3%
Américain 🇺🇸 2016 Le monde de Dory
2%
Américain 🇺🇸 2018 Les Indestructibles 2
2%
Américain 🇺🇸 2017 Star Wars, épisode VIII : Les Derniers Jedi
2%
Américain 🇺🇸 / Anglais 🇬🇧 2012 The Dark Night Rises
2%
Américain 🇺🇸 2018 Jurassic World : Fallen Kingdom
1%
Américain 🇺🇸 2011 Pirates des Caraïbes : La Fontaine de Jouvence
1%
Américain 🇺🇸 2016 Rogue One a Star Wars Story
1%
Américain 🇺🇸 2006 Pirates des Caraïbes : Le Secret du coffre maudit
0%
Américain 🇺🇸 2011 Transformers 3 : La face cachée de la Lune
0%
Américain 🇺🇸 2014 Transformers : L'âge de l'extinction
0%
Aucun quiz correspondant
Distribution des résultats
% des personnes avec chaque résultat
Percentile par nombre de réponses
Votre historique - résultats
Vous n’avez pas pris ce quiz